000 00171 a2200097 4500
020 _a9968123579
041 _aspa
100 _aMecd
245 _aMatematica 6
942 _cBK
999 _c15686
_d15686